000 00655nam a2200241Ia 4500
003 OSt
005 20220924123157.0
006 a|||||r|||| 00| 0
007 ta
008 220923b |||||||| |||| 00| 0 urd d
020 _c350
024 _a311425
037 _cTextual
040 _aARTS
_cARTS
_burd
041 _2urd
_aurd
082 _aO168,1gwL, N4
100 _aAseem Abdurrasheed
_9191910
245 0 _aTazkirah talamazah Shah-e-Hatim Dehalvi
260 _aMultan
_bBaikan Books Pakistan
_c1994
650 _aURDU POETRY
942 _hO168,1gwL, N4
_cTEXL
_2CC
999 _c414658
_d414658